Classement de la Ligue 1 par population - Statistiques

Statistiques générales
  • Ce quiz a été pris 969 fois
    166 depuis la dernière actualisation
  • Le résultat moyen est 12 sur 18
Statistiques - réponses
# Population de l'aire urbaine Club % Correct
1 11 013 774 Paris Saint-Germain
100%
1 11 013 774 Paris FC
91%
3 1 721 721 Olympique Lyonnais
90%
4 1 648 953 Olympique de Marseille
89%
6 1 063 720 Lille OSC
79%
5 1 093 783 Toulouse FC
79%
8 689 036 FC Nantes
72%
7 987 709 OGC Nice
71%
11 381 156 Stade Rennais
65%
10 494 536 RC Strasbourg
62%
18 38 423 AS Monaco
60%
9 505 025 RC Lens
59%
12 294 271 FC Metz
57%
15 207 010 Stade Brestois
57%
14 232 175 Le Havre AC
55%
13 253 408 SCO Angers
55%
16 125 079 FC Lorient
53%
17 42 362 AJ Auxerre
52%
Aucun quiz correspondant
Distribution des résultats
% des personnes avec chaque résultat
Percentile par nombre de réponses
Votre historique - résultats
Vous n’avez pas pris ce quiz depuis la dernière actualisation